| 000 | 00669nam a22002057a 4500 | ||
|---|---|---|---|
| 999 |
_c6474 _d6474 |
||
| 003 | AR-CdUCM | ||
| 008 | 190318b ||||| |||| 00| 0 spa d | ||
| 040 |
_aMUNICIPALIDAD PROVINCIAL DEL CUSCO _cBIBLIOTECA MUNICIPAL DEL CUSCO |
||
| 082 |
_a050 / _bAL44 |
||
| 245 | _aAlmanaque Mundial 1987 / | ||
| 260 |
_aPanamá : _bAmérica ; _c1983. |
||
| 300 |
_a686 páginas ; _bFotografías, ilustraciones, tablas _c20cm |
||
| 505 | _aContenido: Enciclopedia de datos útiles y conocimientos prácticos | ||
| 650 |
_aAlmanaque _918315 |
||
| 650 |
_aGeografía _9318 |
||
| 650 |
_a1984 _918354 |
||
| 710 |
_aEditorial América _918355 |
||
| 942 |
_2ddc _cLIBROS |
||
| 945 | _anom | ||